| 000 | 00624nam a2200217Ia 4500 | ||
|---|---|---|---|
| 001 | 3212 | ||
| 003 | GE_BSU | ||
| 008 | 181216s||||||||xx |||||||||||||| ||und|| | ||
| 020 | _a5862255168 | ||
| 040 | _cGE_BSU | ||
| 100 | _aЗайцев, Р.Л. | ||
| 245 | _aЭкономика промышленного предприятия Учебник | ||
| 250 | _a2-еиздпеераб. и доп | ||
| 260 | _aьосква | ||
| 260 | _bИНФРА-Ь | ||
| 260 | _c1998 | ||
| 300 | _a336 ст. | ||
| 541 | _h8 Л. 40Т. | ||
| 653 | _aЭкономика промышленного предприятия | ||
| 942 | _cBK | ||
| 999 |
_c37253 _d37253 |
||